[Event "OLSW 2122 SC GEMA St. Ingbert - SV Spey"]
[Site "?"]
[Date "2022.06.12"]
[Round "4.2"]
[White "Joeres, Roman"]
[Black "Berend, Elvira"]
[Result "0-1"]
[WhiteElo "1863"]
[BlackElo "2320"]
[PlyCount "72"]
[EventDate "2022.??.??"]

1. d4 Nf6 2. c4 e6 3. g3 Bb4+ 4. Bd2 a5 5. Bg2 O-O 6. Nf3 d6 7. O-O Bxd2 8.
Nbxd2 Qe7 9. Qc2 e5 10. e4 Bg4 11. Rfe1 Re8 12. b3 Qd7 13. Qc3 Nc6 14. a3 Bh3
15. d5 Ne7 16. c5 Bxg2 17. Kxg2 Ng6 18. h3 Nh5 19. Nc4 Ngf4+ 20. Kg1 Qxh3 21.
Nh4 dxc5 22. Qe3 Ra6 23. Nxe5 Rxe5 24. gxf4 Qg4+ 25. Kf1 Nxf4 26. Qg3 Qxg3 27.
fxg3 Nh5 28. Kg2 Rb6 29. Re3 a4 30. bxa4 Nf6 31. Kf3 Ra6 32. Rc1 b6 33. Rc4 Re8
34. Ng2 Nd7 35. Rcc3 Rxa4 36. Nf4 Ne5+ 0-1

[Event "OLSW 2122 SC GEMA St. Ingbert - SV Spey"]
[Site "?"]
[Date "2022.06.12"]
[Round "4.3"]
[White "Commercon, Simon"]
[Black "Friedrich, Elias"]
[Result "1-0"]
[WhiteElo "2228"]
[BlackElo "1766"]
[PlyCount "61"]
[EventDate "2022.??.??"]

1. d4 d5 2. c4 e6 3. Nc3 Nf6 4. cxd5 exd5 5. Bg5 c6 6. e3 Bb4 7. Bd3 Nbd7 8.
Nge2 h6 9. Bh4 O-O 10. f3 Re8 11. Bf2 Nf8 12. O-O Ne6 13. Kh1 Ba5 14. Bg1 Ng5
15. Qc2 Bc7 16. Rac1 a6 17. a4 Qd6 18. e4 dxe4 19. fxe4 Qe6 20. e5 Nd5 21. Bf5
Nb4 22. Bxe6 Nxc2 23. Bxc8 Nxd4 24. Bxb7 Nxe2 25. Nxe2 Rab8 26. Bxa6 Rxb2 27.
Rxc6 Bxe5 28. Bc4 Re7 29. Ng3 g6 30. Rxg6+ Kh7 31. Rxh6+ 1-0

[Event "OLSW 2122 SC GEMA St. Ingbert - SV Spey"]
[Site "?"]
[Date "2022.06.12"]
[Round "4.4"]
[White "Hoefer, Michael"]
[Black "Kraemer, Enrico"]
[Result "0-1"]
[WhiteElo "1534"]
[BlackElo "2217"]
[PlyCount "68"]
[EventDate "2022.??.??"]

1. c4 e6 2. g3 d5 3. d4 Nf6 4. Bg2 Be7 5. Nf3 O-O 6. Qc2 dxc4 7. Qxc4 a6 8. a4
Bd7 9. Ne5 Bc6 10. Nxc6 Nxc6 11. e3 Nd5 12. O-O a5 13. Nc3 Ncb4 14. Rd1 c6 15.
Qe2 Qe8 16. e4 Nf6 17. Be3 Rd8 18. g4 Nd7 19. Rac1 Rc8 20. f4 c5 21. d5 exd5
22. Nxd5 Nxd5 23. exd5 Bd6 24. Re1 Qd8 25. Qf2 Re8 26. Rc2 Qb6 27. b3 Qxb3 28.
Rb2 Qxa4 29. Rxb7 c4 30. Bd4 Bb4 31. Ra1 Qb3 32. Rxd7 c3 33. Bxc3 Bxc3 34. Rf1
Qa4 0-1

[Event "OLSW 2122 SC GEMA St. Ingbert - SV Spey"]
[Site "?"]
[Date "2022.06.12"]
[Round "4.5"]
[White "Flierl, Pascal"]
[Black "Unbehend, Marius"]
[Result "1-0"]
[WhiteElo "2185"]
[BlackElo "1577"]
[PlyCount "45"]
[EventDate "2022.??.??"]

1. e4 e6 2. d4 d5 3. Nc3 Bb4 4. exd5 exd5 5. Bd3 Nc6 6. Nge2 Nge7 7. Bg5 f6 8.
Bf4 Be6 9. O-O a6 10. Re1 Qd7 11. a3 Bxc3 12. bxc3 Na5 13. Nc1 O-O-O 14. Qe2
Ng6 15. Bxg6 Bg4 16. f3 Bxf3 17. Qxf3 hxg6 18. Nd3 Nc4 19. Nc5 Qc6 20. Re7 Nd6
21. Qg4+ Kb8 22. Rb1 g5 23. Nxa6+ 1-0

[Event "OLSW 2122 SC GEMA St. Ingbert - SV Spey"]
[Site "?"]
[Date "2022.06.12"]
[Round "4.6"]
[White "Mueller, Maximilian"]
[Black "Hauck, Heiko"]
[Result "0-1"]
[WhiteElo "1808"]
[BlackElo "2076"]
[PlyCount "96"]
[EventDate "2022.??.??"]

1. e4 Nf6 2. e5 Nd5 3. d4 d6 4. c4 Nb6 5. f4 dxe5 6. fxe5 Nc6 7. Be3 g6 8. h3
Bg7 9. Nf3 h5 10. Nc3 Bf5 11. Bf4 e6 12. Be2 Qd7 13. Qd2 a5 14. O-O a4 15. Rad1
Na5 16. c5 Nd5 17. Bb5 c6 18. Nxd5 Qxd5 19. Bxa4 Qxa2 20. Ra1 Qd5 21. Bxc6+
bxc6 22. Rxa5 Rxa5 23. Qxa5 O-O 24. Ra1 Be4 25. Qc3 Rd8 26. Ra4 Rb8 27. Rb4
Rxb4 28. Qxb4 Bxf3 29. gxf3 Qxf3 30. Qd2 Qxh3 31. Qg2 Qxg2+ 32. Kxg2 Kf8 33.
Bg5 Ke8 34. Kf3 Bf8 35. Ke4 Be7 36. Bf4 g5 37. Bh2 Kd7 38. b4 Kc8 39. Kd3 Kb7
40. Kc4 h4 41. b5 cxb5+ 42. Kxb5 g4 43. c6+ Kc8 44. Bf4 g3 45. Kc4 g2 46. Bh2
Bg5 47. Kd3 Bf4 48. Bg1 h3 0-1

[Event "OLSW 2122 SC GEMA St. Ingbert - SV Spey"]
[Site "?"]
[Date "2022.06.12"]
[Round "4.7"]
[White "Gellendin, Ingo"]
[Black "Alhassan, Radwan"]
[Result "1-0"]
[WhiteElo "2089"]
[BlackElo "1650"]
[PlyCount "59"]
[EventDate "2022.??.??"]

1. e4 c5 2. Nc3 d6 3. f4 Nf6 4. Nf3 Nc6 5. Bb5 e6 6. Bxc6+ bxc6 7. d3 Be7 8.
O-O O-O 9. e5 Nd5 10. Ne4 f5 11. Nxd6 Bxd6 12. exd6 Qxd6 13. Ne5 Bb7 14. Kh1
Rad8 15. Qe2 Rde8 16. Qf2 Nf6 17. Be3 Nd7 18. Nxd7 Qxd7 19. Bxc5 Rf6 20. Bxa7
c5 21. Bxc5 Rg6 22. Rg1 Rh6 23. Rae1 Qf7 24. Qg3 Rg6 25. Qe3 Rh6 26. h3 Qc7 27.
Kh2 g5 28. Qe5 Qc6 29. Bd4 Rg6 30. Qh8+ 1-0

[Event "OLSW 2122 Turm Illingen - SK Gau-Algesh"]
[Site "?"]
[Date "2022.06.12"]
[Round "4.1"]
[White "Ovsejevitsch, Sergei"]
[Black "Mayer, Frank"]
[Result "1-0"]
[WhiteElo "2573"]
[BlackElo "2289"]
[PlyCount "67"]
[EventDate "2022.??.??"]

1. Nf3 d5 2. d4 e6 3. c4 Nf6 4. Nc3 Be7 5. Qc2 c5 6. dxc5 Na6 7. cxd5 Nxd5 8.
e4 Ndb4 9. Bb5+ Bd7 10. Qe2 Nxc5 11. O-O Bxb5 12. Qxb5+ Nc6 13. Rd1 Qc7 14. Nd5
exd5 15. exd5 O-O 16. dxc6 bxc6 17. Qc4 Ne6 18. Be3 Rfd8 19. b3 Rxd1+ 20. Rxd1
Rd8 21. Rc1 Qa5 22. g3 c5 23. Ne5 Qc7 24. Nd3 Rc8 25. Qe4 Qa5 26. b4 Qxa2 27.
Qb7 Re8 28. bxc5 a5 29. Ne5 f6 30. Qb5 Kf8 31. Nd7+ Kf7 32. c6 Rc8 33. Nb6 Nc7
34. Qh5+ 1-0

[Event "OLSW 2122 Turm Illingen - SK Gau-Algesh"]
[Site "?"]
[Date "2022.06.12"]
[Round "4.2"]
[White "Klein, Joachim"]
[Black "Pryvalov, Ivan"]
[Result "1/2-1/2"]
[WhiteElo "2203"]
[BlackElo "2140"]
[PlyCount "115"]
[EventDate "2022.??.??"]

1. c4 e5 2. Nc3 Nf6 3. Nf3 Nc6 4. e4 Bb4 5. d3 O-O 6. a3 Bxc3+ 7. bxc3 d6 8.
Be2 Ne7 9. O-O c5 10. Nh4 Nc6 11. g3 Bh3 12. Ng2 Qc8 13. f4 Bg4 14. f5 Bxe2 15.
Qxe2 Kh8 16. g4 h6 17. h4 Nh7 18. g5 g6 19. Ne3 h5 20. Nd5 Qd7 21. Ra2 Ne7 22.
d4 Nxd5 23. cxd5 c4 24. Be3 b5 25. dxe5 dxe5 26. Qh2 Rfe8 27. Raf2 Kg8 28. Rf3
Qd6 29. Qf2 Qd7 30. Kh2 a6 31. Bc5 Rac8 32. Bb4 Rc7 33. Qb6 Rb7 34. Qxa6 Ra7
35. Qb6 Rb7 36. Qd6 Qxd6 37. Bxd6 Rd7 38. fxg6 fxg6 39. Bb4 Ra8 40. Kg2 Raa7
41. Kf2 Ra8 42. Ke3 Kg7 43. R3f2 Kg8 44. Rb1 Rc8 45. Ba5 Rb7 46. Rfb2 Rf8 47.
Rxb5 Rbf7 48. Re1 Rf2 49. Re2 R8f3+ 50. Kd2 Rd3+ 51. Ke1 Rf4 52. Rb8+ Kf7 53.
Rb7+ Kg8 54. Bc7 Rxh4 55. Bxe5 Nxg5 56. Rb8+ Kf7 57. Rb7+ Ke8 58. Rb8+ 1/2-1/2

[Event "OLSW 2122 Turm Illingen - SK Gau-Algesh"]
[Site "?"]
[Date "2022.06.12"]
[Round "4.3"]
[White "Kling, Felix"]
[Black "Biehler, Thomas"]
[Result "1-0"]
[WhiteElo "2169"]
[BlackElo "2239"]
[PlyCount "59"]
[EventDate "2022.??.??"]

1. d4 Nf6 2. Nf3 e6 3. e3 c5 4. Bd3 Nc6 5. O-O d5 6. c3 Qc7 7. Nbd2 cxd4 8.
exd4 Bd6 9. Re1 a6 10. Nf1 b5 11. Bg5 Bb7 12. Ng3 Kd7 13. a4 b4 14. Rc1 bxc3
15. bxc3 Bf4 16. Ne5+ Bxe5 17. dxe5 Nxe5 18. Bf4 Nfg4 19. Be2 g5 20. Bxg5 Rag8
21. Bf4 Qc5 22. Ne4 Qe7 23. h3 Ng6 24. Bd6 Ne3 25. Qb3 dxe4 26. Bxe7 Bd5 27. c4
Nf4 28. Qxe3 Nxg2 29. Qa7+ Ke8 30. cxd5 1-0

[Event "OLSW 2122 Turm Illingen - SK Gau-Algesh"]
[Site "?"]
[Date "2022.06.12"]
[Round "4.4"]
[White "Giese, Tilman"]
[Black "Bauer, Bjoern-Benny"]
[Result "1-0"]
[WhiteElo "1988"]
[BlackElo "2202"]
[PlyCount "73"]
[EventDate "2022.??.??"]

1. Nf3 c5 2. g3 d5 3. Bg2 Nf6 4. O-O Nc6 5. d4 cxd4 6. Nxd4 e5 7. Nxc6 bxc6 8.
c4 Be7 9. Nc3 Be6 10. Bg5 e4 11. Qa4 O-O 12. Qxc6 Rc8 13. Qa6 Rxc4 14. Qxa7 Bc5
15. Qa6 Qb8 16. Bxf6 gxf6 17. Na4 Ba7 18. e3 f5 19. Rac1 Rfc8 20. Rxc4 Rxc4 21.
Rd1 d4 22. b3 Rc2 23. exd4 Rxa2 24. Qc6 Qxb3 25. Nc3 Rc2 26. Qa8+ Kg7 27. Qxa7
Rxc3 28. Qa1 Bd5 29. h4 e3 30. Bxd5 exf2+ 31. Kh2 Qc2 32. Bg2 Ra3 33. Qc1 Qxc1
34. Rxc1 Rd3 35. d5 Kf6 36. Rf1 Rd2 37. Bf3 1-0

[Event "OLSW 2122 Turm Illingen - SK Gau-Algesh"]
[Site "?"]
[Date "2022.06.12"]
[Round "4.5"]
[White "Friedrich, Marius"]
[Black "Hauer, Andreas"]
[Result "1-0"]
[WhiteElo "2075"]
[BlackElo "1874"]
[PlyCount "69"]
[EventDate "2022.??.??"]

1. e4 c5 2. Nf3 e6 3. d4 cxd4 4. Nxd4 a6 5. Nc3 Qc7 6. g3 Nf6 7. Bg2 Bb4 8.
Nde2 Be7 9. O-O d6 10. h3 Nc6 11. Be3 b5 12. a3 Bb7 13. Qd2 O-O 14. Rfd1 Rac8
15. f4 Rfd8 16. Qe1 Nd7 17. Qf2 Re8 18. b4 Qb8 19. Rab1 Nd8 20. g4 Rc4 21. g5
Qc8 22. Rd3 f6 23. h4 Kh8 24. Rbd1 e5 25. f5 Bf8 26. Qf3 d5 27. Qh5 Nc6 28.
Nxd5 Nd4 29. Nxd4 exd4 30. Bxd4 Bxd5 31. exd5 Rxc2 32. Bf3 Ne5 33. Bxe5 Rxe5
34. d6 Qb8 35. Qf7 1-0

[Event "OLSW 2122 Turm Illingen - SK Gau-Algesh"]
[Site "?"]
[Date "2022.06.12"]
[Round "4.7"]
[White "Meng, Gunter"]
[Black "Hoppstaedter, Daniel"]
[Result "1/2-1/2"]
[WhiteElo "1968"]
[BlackElo "1973"]
[PlyCount "68"]
[EventDate "2022.??.??"]

1. d4 Nf6 2. Nf3 c5 3. d5 e6 4. Nc3 exd5 5. Nxd5 Nxd5 6. Qxd5 d6 7. Bg5 Qa5+ 8.
Qd2 Qb6 9. c3 Be6 10. e4 Nc6 11. Be2 f6 12. Bf4 Be7 13. O-O O-O 14. Rfd1 Rfd8
15. Qc2 a5 16. Nd2 Ne5 17. Bxe5 dxe5 18. Bc4 Rd7 19. Qb3 Qxb3 20. axb3 Kf7 21.
Bxe6+ Kxe6 22. Nc4 Rxd1+ 23. Rxd1 b5 24. Ne3 g6 25. g4 Rh8 26. Ra1 Bd8 27. Nd5
h5 28. h3 hxg4 29. hxg4 f5 30. gxf5+ gxf5 31. f3 fxe4 32. fxe4 Rh4 33. Re1 Rg4+
34. Kf1 Rh4 1/2-1/2

[Event "OLSW 2122 Turm Illingen - SK Gau-Algesh"]
[Site "?"]
[Date "2022.06.12"]
[Round "4.8"]
[White "Aubertin, Tim"]
[Black "Hipler, Andreas"]
[Result "1-0"]
[WhiteElo "1920"]
[BlackElo "1802"]
[PlyCount "91"]
[EventDate "2022.??.??"]

1. d4 Nf6 2. Bf4 d5 3. e3 e6 4. Bd3 Bd6 5. Bg3 O-O 6. c3 c5 7. Nf3 b6 8. Nbd2
Ba6 9. Qe2 Bxd3 10. Qxd3 Nc6 11. O-O Bxg3 12. hxg3 Qd6 13. Rad1 c4 14. Qc2 b5
15. e4 Nxe4 16. Nxe4 dxe4 17. Qxe4 Qd5 18. Qh4 Rad8 19. Rde1 Rd6 20. Re3 Re8
21. g4 Ne7 22. Re5 Qc6 23. Rh5 Ng6 24. Qh2 Nf8 25. Ne5 Qb6 26. g5 Qd8 27. Qf4
Re7 28. Re1 Rd5 29. Nc6 Ng6 30. Qf3 Qc7 31. Nxe7+ Qxe7 32. Qxd5 exd5 33. Rxe7
Nxe7 34. Rh3 f6 35. gxf6 gxf6 36. Re3 Kf7 37. Re1 a5 38. a3 a4 39. Kh2 Ng6 40.
Kg3 Ne7 41. Kg4 Ng6 42. Rh1 Kg7 43. Kf5 Nf8 44. Rh5 Ng6 45. g3 Nf8 46. Kg4 1-0

[Event "OLSW 2122 SK Altenkirchen - SK Landau"]
[Site "?"]
[Date "2022.06.12"]
[Round "4.1"]
[White "Lang, Torsten"]
[Black "Bruehl, Andreas"]
[Result "1/2-1/2"]
[WhiteElo "2296"]
[BlackElo "2318"]
[PlyCount "43"]
[EventDate "2022.??.??"]

1. d4 Nf6 2. Nf3 g6 3. g3 Bg7 4. Bg2 O-O 5. O-O d6 6. Nc3 Nbd7 7. e4 e5 8. Re1
c6 9. a4 Qc7 10. h3 Re8 11. Be3 h6 12. Qd2 Kh7 13. Rad1 a6 14. d5 cxd5 15. Nxd5
Nxd5 16. Qxd5 Nc5 17. b3 Bf8 18. Nh2 Be6 19. Qd2 Qc8 20. Nf1 b5 21. axb5 axb5
22. Ra1 1/2-1/2

[Event "OLSW 2122 SK Altenkirchen - SK Landau"]
[Site "?"]
[Date "2022.06.12"]
[Round "4.2"]
[White "Heidorn, Oliver"]
[Black "Silber, Henning"]
[Result "0-1"]
[WhiteElo "2115"]
[BlackElo "2284"]
[PlyCount "44"]
[EventDate "2022.??.??"]

1. d4 d5 2. c4 e6 3. cxd5 exd5 4. Nc3 c5 5. dxc5 d4 6. Ne4 Nc6 7. e3 Bf5 8. Qf3
Nh6 9. Bd2 Be7 10. Nd6+ Bxd6 11. cxd6 O-O 12. Bb5 dxe3 13. fxe3 Qxd6 14. Bxc6
bxc6 15. Qf4 Qxf4 16. exf4 Rfe8+ 17. Kf2 Ng4+ 18. Kg3 Nf6 19. Ba5 Rab8 20. b3
Rb5 21. Bc7 Rd5 22. h3 Ne4+ 0-1

[Event "OLSW 2122 SK Altenkirchen - SK Landau"]
[Site "?"]
[Date "2022.06.12"]
[Round "4.3"]
[White "Kopp, Bjoern"]
[Black "Nussbaum, Stefan"]
[Result "1-0"]
[WhiteElo "2209"]
[BlackElo "2146"]
[PlyCount "95"]
[EventDate "2022.??.??"]

1. c4 d6 2. Nc3 Nf6 3. d4 g6 4. e4 Bg7 5. Be2 O-O 6. Be3 c6 7. g4 Qc7 8. g5 Ne8
9. h4 e5 10. d5 a6 11. h5 Qe7 12. Nf3 Nc7 13. a4 a5 14. Nd2 Nba6 15. Nb3 cxd5
16. cxd5 b6 17. Bxb6 Qxg5 18. Be3 Qe7 19. Nxa5 f5 20. Nc6 Qf6 21. b4 f4 22. Bb6
f3 23. Bf1 g5 24. b5 g4 25. Rg1 Nc5 26. Bxc7 Bh6 27. Bb6 Be3 28. Bxc5 dxc5 29.
Qc2 Qh4 30. d6 Qh2 31. Nd5 Bh6 32. Rg3 Bf4 33. Nxf4 exf4 34. Bc4+ Kg7 35. Qc3+
Kh6 36. O-O-O fxg3 37. Qe3+ Kxh5 38. Rd5+ Bf5 39. exf5 gxf2 40. f6+ Kh4 41. Bf1
Qg1 42. Qg5+ Kg3 43. Qe5+ Kh4 44. Rd1 Qg3 45. Qf5 Qg1 46. Qf4 Rf7 47. Ne5 Rfa7
48. Nxf3+ 1-0

[Event "OLSW 2122 SK Altenkirchen - SK Landau"]
[Site "?"]
[Date "2022.06.12"]
[Round "4.4"]
[White "Moeller, Jeremy"]
[Black "Schmidt, Justus"]
[Result "0-1"]
[WhiteElo "2048"]
[BlackElo "2173"]
[PlyCount "32"]
[EventDate "2022.??.??"]

1. e4 c5 2. Nf3 Nc6 3. c3 Nf6 4. e5 Nd5 5. g3 d6 6. d4 cxd4 7. cxd4 Bf5 8. Qb3
Ndb4 9. Na3 dxe5 10. Nxe5 e6 11. Bg2 Qxd4 12. Bxc6+ bxc6 13. O-O Qxe5 14. Nc4
Qb5 15. a4 Qd5 16. Rd1 Bc2 0-1

[Event "OLSW 2122 SK Altenkirchen - SK Landau"]
[Site "?"]
[Date "2022.06.12"]
[Round "4.5"]
[White "Vogel, Johannes"]
[Black "Telke, Holger"]
[Result "1-0"]
[WhiteElo "2176"]
[BlackElo "2081"]
[PlyCount "61"]
[EventDate "2022.??.??"]

1. d4 d5 2. c4 Bf5 3. cxd5 Bxb1 4. Rxb1 Qxd5 5. e3 Nc6 6. b4 e5 7. b5 Nxd4 8.
Qd3 Qxa2 9. exd4 O-O-O 10. Nf3 exd4 11. Be2 Re8 12. Nxd4 Bc5 13. O-O Bxd4 14.
Bg4+ Kb8 15. Qxd4 Qxb1 16. Be3 Qa2 17. Ra1 Qxa1+ 18. Qxa1 b6 19. Qxg7 Ne7 20.
Qxf7 Ng6 21. Be2 Re7 22. Qc4 Rd7 23. h4 Re8 24. h5 Ne5 25. Qc2 Red8 26. f4 Nd3
27. f5 Rd5 28. f6 Ne5 29. Bf4 Rc5 30. Qxh7 a5 31. Qe7 1-0

[Event "OLSW 2122 SK Altenkirchen - SK Landau"]
[Site "?"]
[Date "2022.06.12"]
[Round "4.6"]
[White "Kaster, Martin"]
[Black "Lang, Matthias"]
[Result "1/2-1/2"]
[WhiteElo "2041"]
[BlackElo "2171"]
[PlyCount "104"]
[EventDate "2022.??.??"]

1. Nf3 Nf6 2. c4 g6 3. Nc3 Bg7 4. g3 O-O 5. Bg2 d6 6. O-O c6 7. e4 a6 8. a4 a5
9. d4 Na6 10. h3 Bd7 11. Qe2 Rb8 12. e5 dxe5 13. dxe5 Ne8 14. Be3 Qc8 15. Kh2
Nec7 16. Bb6 Qe8 17. Ne4 Ne6 18. Bxa5 f5 19. exf6 exf6 20. Bc3 Nec5 21. Rfe1
Nxe4 22. Qxe4 Qxe4 23. Rxe4 Nc5 24. Re7 Rfe8 25. Rxe8+ Rxe8 26. b4 Ne4 27. Bd4
c5 28. bxc5 Bf8 29. a5 Bxc5 30. Bxc5 Nxc5 31. Nd4 Ra8 32. Bd5+ Kf8 33. Ra3 Ke7
34. Nb3 Nxb3 35. Rxb3 Rxa5 36. Rxb7 Kd6 37. g4 g5 38. Rb8 f5 39. gxf5 Bxf5 40.
Rg8 Bg6 41. Kg3 Ra1 42. Kg2 Rc1 43. Rc8 Bf5 44. Re8 Bd3 45. Re6+ Kd7 46. Re5 h6
47. Re6 Bxc4 48. Bxc4 Rxc4 49. Rxh6 Ke7 50. Rg6 Rc5 51. Kg3 Kf7 52. Rb6 Rc4
1/2-1/2

[Event "OLSW 2122 SK Altenkirchen - SK Landau"]
[Site "?"]
[Date "2022.06.12"]
[Round "4.7"]
[White "Bold, Andre"]
[Black "Berker, Daniel"]
[Result "1/2-1/2"]
[WhiteElo "2146"]
[BlackElo "1799"]
[PlyCount "190"]
[EventDate "2022.??.??"]

1. e4 e5 2. Nf3 Nc6 3. Bc4 Bc5 4. d3 d6 5. Nc3 h6 6. Na4 Bb6 7. Nxb6 axb6 8. d4
Bg4 9. d5 Nd4 10. c3 Nxf3+ 11. gxf3 Bd7 12. h4 Nf6 13. h5 Nh7 14. Be2 Qf6 15.
Qd3 Ng5 16. a3 Nh3 17. Be3 Nf4 18. Bxf4 Qxf4 19. Qe3 g5 20. Kd2 Ke7 21. Rag1
Rhg8 22. Bf1 f5 23. Qxf4 gxf4 24. Bd3 Kf6 25. Rg6+ Rxg6 26. hxg6 Kxg6 27. exf5+
Bxf5 28. Bxf5+ Kxf5 29. Rxh6 Rc8 30. Kd3 b5 31. Re6 Rg8 32. Re7 Rc8 33. Rd7 Kf6
34. Ke4 Kg6 35. Kd3 Kf6 36. b3 Ra8 37. Rxc7 Rxa3 38. Rd7 Ra6 39. Ke4 Rb6 40. b4
Kg6 41. Kd3 Kf5 42. c4 Ra6 43. cxb5 Ra3+ 44. Ke2 Ra2+ 45. Kf1 e4 46. Rf7+ Ke5
47. Re7+ Kxd5 48. fxe4+ Kd4 49. Kg2 Ra3 50. Re6 d5 51. exd5 Kxd5 52. Re7 Rb3
53. Rxb7 Rxb4 54. Kf3 Ke6 55. Kg4 Kf6 56. f3 Ke6 57. Rb6+ Ke5 58. Rb8 Kf6 59.
b6 Kg6 60. Rb7 Kf6 61. Kh5 Rb3 62. Rb8 Kg7 63. Kg4 Rb4 64. Kf5 Kh7 65. Rb7+ Kh6
66. Kf6 Rb5 67. Rb8 Kh7 68. b7 Rb6+ 69. Kg5 Rb4 70. Kf5 Kg7 71. Ke5 Kh7 72. Kd5
Rb1 73. Kd6 Kg7 74. Kc7 Rc1+ 75. Kb6 Rb1+ 76. Kc6 Rc1+ 77. Kd5 Rb1 78. Ke5 Rb4
79. Kf5 Kh7 80. Rc8 Rxb7 81. Kxf4 Rb5 82. Rc6 Kg7 83. Kg4 Ra5 84. f4 Rb5 85.
Ra6 Kf7 86. Rd6 Kg7 87. f5 Rb1 88. Kf4 Rf1+ 89. Ke5 Re1+ 90. Kf4 Rf1+ 91. Ke4
Re1+ 92. Kd5 Rd1+ 93. Kc6 Rxd6+ 94. Kxd6 Kf6 95. Kd5 Kxf5 1/2-1/2

[Event "OLSW 2122 SK Altenkirchen - SK Landau"]
[Site "?"]
[Date "2022.06.12"]
[Round "4.8"]
[White "Hoefer, Heijo"]
[Black "Silber, Gerhard"]
[Result "0-1"]
[WhiteElo "1847"]
[BlackElo "2194"]
[PlyCount "92"]
[EventDate "2022.??.??"]

1. c4 c5 2. Nc3 Nc6 3. Nf3 Nf6 4. d4 cxd4 5. Nxd4 g6 6. e4 d6 7. Nxc6 bxc6 8.
Be2 Bg7 9. O-O O-O 10. Bf4 Nd7 11. Qd2 Re8 12. Rad1 Qa5 13. Rc1 Nf8 14. c5 dxc5
15. Bh6 Bd4 16. Bxf8 Rxf8 17. Bc4 Ba6 18. Bxa6 Qxa6 19. b3 Qa5 20. Qc2 Rab8 21.
Ne2 Rb6 22. Kh1 Rd8 23. f4 Be3 24. Rcd1 Rbb8 25. g3 Rxd1 26. Rxd1 Rd8 27. Rxd8+
Qxd8 28. Kg2 e6 29. Kf3 Bd4 30. Qd3 f5 31. Nxd4 cxd4 32. Qc4 Qd7 33. e5 d3 34.
Qc1 Qd5+ 35. Ke3 Qe4+ 36. Kd2 Qe2+ 37. Kc3 Qxh2 38. Kxd3 Qxg3+ 39. Ke2 Qg2+ 40.
Ke3 g5 41. Qc4 gxf4+ 42. Qxf4 Qe4+ 43. Qxe4 fxe4 44. Kxe4 Kf7 45. b4 Kg6 46.
Kf4 h5 0-1

[Event "OLSW 2122 SK Frankenthal - SVG Saarbrü"]
[Site "?"]
[Date "2022.06.12"]
[Round "4.1"]
[White "Mohammad, Samir"]
[Black "Syska, Albert"]
[Result "1-0"]
[WhiteElo "2308"]
[BlackElo "2190"]
[PlyCount "77"]
[EventDate "2022.??.??"]

1. d4 f5 2. g3 e6 3. Bg2 Nf6 4. c4 d5 5. Nh3 c6 6. O-O Be7 7. Qc2 O-O 8. Rd1
Re8 9. Nd2 Nbd7 10. Nf4 Nf8 11. Nf3 Bd6 12. Nd3 Ne4 13. Bf4 Ng6 14. Bxd6 Qxd6
15. Nfe5 Nxe5 16. dxe5 Qe7 17. h4 g5 18. hxg5 Nxg5 19. Nf4 Qg7 20. Qc3 Qh6 21.
b4 Bd7 22. Rab1 Rac8 23. Qe3 a6 24. Qb6 Nf7 25. Nd3 Nd8 26. cxd5 cxd5 27. Bxd5
Qg7 28. Bf3 Bc6 29. Rbc1 Rc7 30. Nf4 Qxe5 31. Rc5 Qg7 32. Nh5 Qe7 33. Nf6+ Qxf6
34. Qxc7 e5 35. Bxc6 Nxc6 36. Rd6 Qg5 37. Qxb7 Nd4 38. Rxd4 exd4 39. Qd5+ 1-0

[Event "OLSW 2122 SK Frankenthal - SVG Saarbrü"]
[Site "?"]
[Date "2022.06.12"]
[Round "4.2"]
[White "Geyer, Bernhard"]
[Black "Bastian, Herbert"]
[Result "0-1"]
[WhiteElo "2152"]
[BlackElo "2247"]
[PlyCount "98"]
[EventDate "2022.??.??"]

1. e4 c5 2. Nc3 Nc6 3. g3 g6 4. Bg2 Bg7 5. d3 d6 6. f4 e6 7. Nf3 Nge7 8. O-O
O-O 9. Be3 b6 10. d4 Ba6 11. Rf2 Qc7 12. Ne2 cxd4 13. Nexd4 Rac8 14. Rc1 Na5
15. b3 e5 16. Ne2 Bb7 17. Ne1 f5 18. exf5 Nxf5 19. Bd5+ Kh8 20. Ng2 Nxe3 21.
Nxe3 Qc5 22. Bxb7 Nxb7 23. Qd2 Rce8 24. b4 Qc7 25. c4 Qf7 26. Rcf1 Qc7 27. Qd3
Nd8 28. f5 e4 29. Qd5 Re5 30. Qd1 Nf7 31. fxg6 hxg6 32. Nf4 Kh7 33. Qg4 Ng5 34.
Nfd5 Qd8 35. Rxf8 Bxf8 36. Nf6+ Kg7 37. Rf4 b5 38. Nd7 Be7 39. Nxe5 dxe5 40.
Rf1 Nf3+ 41. Kh1 Qd3 42. Qe6 Bf6 43. Rd1 Qxe3 44. Qd7+ Kh6 45. Qh3+ Kg5 46. Qh7
Qe2 47. h4+ Kg4 48. Qxg6+ Bg5 49. Qe6+ Kxg3 0-1

[Event "OLSW 2122 SK Frankenthal - SVG Saarbrü"]
[Site "?"]
[Date "2022.06.12"]
[Round "4.3"]
[White "Vogel, Christian"]
[Black "Huseynov, Ahad"]
[Result "1-0"]
[WhiteElo "2178"]
[BlackElo "2092"]
[PlyCount "63"]
[EventDate "2022.??.??"]

1. Nf3 Nf6 2. g3 g6 3. b3 Bg7 4. Bb2 d5 5. Bg2 O-O 6. O-O Nbd7 7. c4 c6 8. Ne5
Nxe5 9. Bxe5 d4 10. d3 Ne8 11. Bxg7 Nxg7 12. Nd2 e5 13. b4 f5 14. Qb3 Qg5 15.
Qb2 Qe7 16. Rae1 a5 17. b5 Qb4 18. Rb1 cxb5 19. Qc1 Qe7 20. Rxb5 Rf6 21. Qb2
Rb8 22. Rxa5 Ne8 23. e3 Qc7 24. Nb3 b6 25. Rb5 Bd7 26. Rd5 dxe3 27. Rxe5 exf2+
28. Rxf2 Qd6 29. Bd5+ Kf8 30. Rfe2 Ng7 31. Re7 Ba4 32. R2e6 1-0

[Event "OLSW 2122 SK Frankenthal - SVG Saarbrü"]
[Site "?"]
[Date "2022.06.12"]
[Round "4.5"]
[White "Frantz, Nicolas"]
[Black "Prestel, Oliver"]
[Result "1-0"]
[WhiteElo "2076"]
[BlackElo "2069"]
[PlyCount "153"]
[EventDate "2022.??.??"]

1. e4 e6 2. d4 d5 3. Nd2 Nc6 4. Ngf3 Nf6 5. e5 Nd7 6. c3 f6 7. Bb5 a6 8. Bxc6
bxc6 9. O-O Be7 10. Qa4 Nb6 11. Qc2 O-O 12. exf6 gxf6 13. Re1 Qe8 14. Nb3 Nc4
15. Bh6 Rf7 16. Nc1 Nd6 17. Nd3 Nf5 18. Bd2 Bd6 19. c4 Rb8 20. c5 Bf8 21. Re2
Re7 22. Rae1 Ng7 23. Nf4 Nh5 24. b3 Nxf4 25. Bxf4 Qg6 26. Qd2 Rg7 27. Bg3 Qh5
28. Qa5 Rb5 29. Qc3 Qg4 30. a4 Rb8 31. Re3 Re7 32. h3 Qg6 33. Nh2 Bh6 34. Rf3
Bg7 35. Bf4 Kh8 36. Rg3 Qf5 37. Rf3 Qg6 38. Bg3 Rf7 39. Rfe3 Bh6 40. Rf3 Bg7
41. Rfe3 Bf8 42. Nf3 Bh6 43. R3e2 Rg7 44. Nh4 Qh5 45. Nf3 Bd7 46. Nh2 Rbg8 47.
Ng4 Bg5 48. Nh2 Bh4 49. Nf1 h6 50. Re3 Kh7 51. Qd3+ Qg6 52. Qxa6 f5 53. Rf3 Qg5
54. Qd3 Kh8 55. Re5 Qf6 56. Kh1 Bg5 57. Nh2 Be8 58. Qe2 Bh5 59. Rxe6 Qxd4 60.
Be5 Qxc5 61. g4 fxg4 62. Rc3 Qb4 63. Rcxc6 Kh7 64. Bxg7 Rxg7 65. hxg4 Bf7 66.
Qc2+ Kh8 67. Re2 d4 68. Rxc7 Qd6 69. Rc8+ Rg8 70. Rxg8+ Kxg8 71. Qc8+ Kg7 72.
Nf3 Bd5 73. Qf5 Bc6 74. Kg1 d3 75. Re6 Qd5 76. Rg6+ Kh8 77. Qf8+ 1-0

[Event "OLSW 2122 SK Frankenthal - SVG Saarbrü"]
[Site "?"]
[Date "2022.06.12"]
[Round "4.6"]
[White "Tresch, Lukas"]
[Black "Jenner, Meikel"]
[Result "1-0"]
[WhiteElo "2073"]
[BlackElo "1981"]
[PlyCount "31"]
[EventDate "2022.??.??"]

1. e4 c5 2. c3 g6 3. d4 cxd4 4. cxd4 d5 5. exd5 Nf6 6. Bb5+ Nbd7 7. Nc3 a6 8.
Ba4 b5 9. Bb3 Nb6 10. Nf3 Bg7 11. Ne5 O-O 12. O-O Nbxd5 13. Nxd5 Nxd5 14. Nc6
Qd6 15. Bxd5 Bb7 16. Qf3 1-0

[Event "OLSW 2122 SK Frankenthal - SVG Saarbrü"]
[Site "?"]
[Date "2022.06.12"]
[Round "4.7"]
[White "Horacek, Helmut"]
[Black "Maeurer, Fabian"]
[Result "1/2-1/2"]
[WhiteElo "1965"]
[BlackElo "2004"]
[PlyCount "90"]
[EventDate "2022.??.??"]

1. e4 d6 2. d4 Nf6 3. Nc3 g6 4. Nf3 Bg7 5. Be2 O-O 6. O-O Nc6 7. Be3 e5 8. h3
Re8 9. dxe5 Nxe5 10. Nxe5 dxe5 11. Bc4 c6 12. a4 Qe7 13. Bb3 a5 14. Qf3 Nd7 15.
Rfd1 Qf6 16. Qxf6 Bxf6 17. Rd2 Be7 18. Rad1 Nc5 19. Bc4 Ne6 20. Ne2 Kg7 21. b3
f5 22. exf5 gxf5 23. f4 Bb4 24. c3 exf4 25. Nxf4 Bxc3 26. Rd3 Bb2 27. Rd7+ Bxd7
28. Rxd7+ Kf6 29. Bxe6 Rxe6 30. Nxe6 Kxe6 31. Rxb7 Rd8 32. Kf2 Rd7 33. Rxd7
Kxd7 34. Bd2 Bd4+ 35. Kf3 Bb6 36. Kf4 Ke6 37. Bc3 h6 38. Bg7 Bc7+ 39. Kf3 h5
40. Bc3 Kd5 41. Ke3 c5 42. Kd3 Bb6 43. Bd2 Bc7 44. Bg5 Bb6 45. Bf4 Bd8 1/2-1/2